| 000 | 00835cab a2200289 4500 | ||
|---|---|---|---|
| 001 | WB2909-06 | ||
| 008 | 090401t1993 xxu||||| |||| 00| 0 eng d | ||
| 035 | _a(Sirsi) u62964 | ||
| 041 | _aeng | ||
| 245 | _aBarclays Bank property lending | ||
| 260 | _c1993 | ||
| 350 | _a0 | ||
| 490 |
_aFinancial Times _v5 March 1993, 17 |
||
| 490 |
_aTimes _v5 March 1993, 28 |
||
| 490 |
_aIndependent _v5 March 1993, 24(4) |
||
| 520 | _aBarclays Bank blames its financial loss on bad debt as a result of the property slump. | ||
| 650 | _aBAD DEBT | ||
| 650 | _aBANK LENDING | ||
| 650 | _aBARCLAYS BANK | ||
| 650 | _aIMRY | ||
| 650 | _aPROPERTY LENDING | ||
| 650 | _aPROPERTY SLUMP | ||
| 650 | _aRESULTS | ||
| 690 | _aPROPERTY-COMMERCIAL PROPERTY-COMMERCIAL PROPERTY FINANCE AND INVESTMENT | ||
| 942 | _n0 | ||
| 948 | _c04/03/1997 | ||
| 999 |
_c39125 _d39125 |
||